Mon temps /

Saved in:
Bibliografiske detaljer
Hovedforfatter: Hanotaux, Gabriel, 1853-1944
Format: Bog
Sprog:English
Udgivet: Paris : Societe de l'histoire nationale, [1933-1947].
LEADER 01265nam a2200265 i 4500
001 c000129226
003 CARM
005 00000000000000.0
008 841207s1933 fr 0 eng d
019 1 |a 10224903  |5 LACONCORD2021 
035 |a (OCoLC)2470314  |5 LACONCORD2021 
082 0 4 |a 914.40381 
100 1 |a Hanotaux, Gabriel,  |d 1853-1944. 
245 1 0 |a Mon temps /  |c Illustrations de Paul Baudier. 
260 |a Paris :  |b Societe de l'histoire nationale,  |c [1933-1947]. 
300 |a 4 v. :  |b illus. 
852 8 |b CARM  |h A2:AF01A0  |i B00779  |p 0054774  |f BK 
852 8 |b CARM  |h A2:AF01A0  |i B00779  |p 0054776  |f BK 
852 8 |b CARM  |h A2:AF01A0  |i B00779  |p 0054778  |f BK 
852 8 |b CARM  |h A2:AF01A0  |i B00779  |p 0054780  |f BK 
999 f f |i 3ea04e2e-f0c7-5e86-9457-5dd1b4ec9037  |s b5c189f5-f9d0-5511-b5c1-e118afc14de2 
952 f f |p Can circulate  |a CAVAL  |b CAVAL  |c CAVAL  |d CARM 1 Store  |e B00779  |f A2:AF01A0  |h Other scheme  |i book  |j v.2 held  |m 0054776 
952 f f |p Can circulate  |a CAVAL  |b CAVAL  |c CAVAL  |d CARM 1 Store  |e B00779  |f A2:AF01A0  |h Other scheme  |i book  |j v.3 held  |m 0054778 
952 f f |p Can circulate  |a CAVAL  |b CAVAL  |c CAVAL  |d CARM 1 Store  |e B00779  |f A2:AF01A0  |h Other scheme  |i book  |j v.4 held  |m 0054780 
952 f f |p Can circulate  |a CAVAL  |b CAVAL  |c CAVAL  |d CARM 1 Store  |e B00779  |f A2:AF01A0  |h Other scheme  |i book  |j v.1 held  |m 0054774